LEADER 03008oam 2200697I 450 001 9910452223403321 005 20200520144314.0 010 $a1-136-50310-2 010 $a0-203-14441-4 024 7 $a10.4324/9780203144411 035 $a(CKB)2550000000099237 035 $a(EBL)957287 035 $a(OCoLC)798532937 035 $a(SSID)ssj0000652781 035 $a(PQKBManifestationID)11940320 035 $a(PQKBTitleCode)TC0000652781 035 $a(PQKBWorkID)10642273 035 $a(PQKB)11062416 035 $a(MiAaPQ)EBC957287 035 $a(Au-PeEL)EBL957287 035 $a(CaPaEBR)ebr10545695 035 $a(CaONFJC)MIL760997 035 $a(OCoLC)787851402 035 $a(EXLCZ)992550000000099237 100 $a20180706d2012 uy 0 101 0 $aeng 135 $aur|n|---||||| 181 $ctxt 182 $cc 183 $acr 200 10$aBrief coaching $ea solution focused approach /$fChris Iveson, Evan George and Harvey Ratner 210 1$aHove ;$aNew York :$cRoutledge,$d2012. 215 $a1 online resource (210 p.) 225 1 $aEssential coaching skills and knowledge 300 $aDescription based upon print version of record. 311 $a0-415-66746-1 311 $a0-415-66747-X 320 $aIncludes bibliographical references and index. 327 $aFront Cover; Brief Coaching; Copyright Page; Contents; Preface; Acknowledgements; 1. Introduction; 2. Basic principles; 3. Establishing the contract; 4. Preferred futures; 5. What is already working?; 6. Scales; 7. Closing a session; 8. Second and subsequent sessions; 9. Back to work; 10. The manager-coach; 11. Last words; Appendix: Solution focused questions; References; Index 330 $aBrief Coaching offers a new approach to coaching by considering how the client will know when they have reached their goal, and what they are already doing to get there. The coach aims to work towards the solution rather than working away from the problem, so that the client's problem is not central to the session, but instead the coach and the client work towards the client's preferred future.This book employs case examples and transcripts of sessions to offer guidance on:looking for resources rather than deficitsexploring possible and preferr 410 0$aEssential coaching skills and knowledge. 606 $aBrief psychotherapy 606 $aPersonal coaching 606 $aCounseling psychology 606 $aCounseling psychologist and client 608 $aElectronic books. 615 0$aBrief psychotherapy. 615 0$aPersonal coaching. 615 0$aCounseling psychology. 615 0$aCounseling psychologist and client. 676 $a616.89/147 700 $aIveson$b Chris.$0925236 701 $aGeorge$b Evan$0925237 701 $aRatner$b Harvey$0925238 801 0$bMiAaPQ 801 1$bMiAaPQ 801 2$bMiAaPQ 906 $aBOOK 912 $a9910452223403321 996 $aBrief coaching$92077045 997 $aUNINA LEADER 02709oam 2200877zu 450 001 9910830842403321 005 20210807002928.0 010 $a3-906390-44-6 035 $a(CKB)1000000000376011 035 $a(SSID)ssj0000354338 035 $a(PQKBManifestationID)11256491 035 $a(PQKBTitleCode)TC0000354338 035 $a(PQKBWorkID)10313163 035 $a(PQKB)11676683 035 $a(EXLCZ)991000000000376011 100 $a20160829d2003 uy 101 0 $aeng 181 $ctxt 182 $cc 183 $acr 200 10$aHydrolysis in drug and prodrug metabolism : chemistry, biochemistry, and enzymology 210 31$a[Place of publication not identified]$cWiley VCH$d2003 300 $aBibliographic Level Mode of Issuance: Monograph 311 $a3-906390-25-X 606 $aDrugs$xMetabolism 606 $aXenobiotics$xMetabolism 606 $aHydrolysis$xEffect of drugs on 606 $aHydration 606 $aEnzymes 606 $aHydrolysis 606 $aPharmaceutical Preparations 606 $aXenobiotics 606 $aEnzymes 606 $aBiochemical Processes 606 $aChemicals and Drugs 606 $aChemical Processes 606 $aEnzymes and Coenzymes 606 $aMetabolism 606 $aBiochemical Phenomena 606 $aChemical Phenomena 606 $aMetabolic Phenomena 606 $aPhenomena and Processes 606 $aPharmacy, Therapeutics, & Pharmacology$2HILCC 606 $aAnimal Biochemistry$2HILCC 606 $aHealth & Biological Sciences$2HILCC 606 $aHuman Anatomy & Physiology$2HILCC 615 0$aDrugs$xMetabolism 615 0$aXenobiotics$xMetabolism 615 0$aHydrolysis$xEffect of drugs on 615 0$aHydration 615 0$aEnzymes 615 2$aHydrolysis 615 2$aPharmaceutical Preparations 615 2$aXenobiotics 615 2$aEnzymes 615 2$aBiochemical Processes 615 2$aChemicals and Drugs 615 2$aChemical Processes 615 2$aEnzymes and Coenzymes 615 2$aMetabolism 615 2$aBiochemical Phenomena 615 2$aChemical Phenomena 615 2$aMetabolic Phenomena 615 2$aPhenomena and Processes 615 7$aPharmacy, Therapeutics, & Pharmacology 615 7$aAnimal Biochemistry 615 7$aHealth & Biological Sciences 615 7$aHuman Anatomy & Physiology 676 $a572.79343 700 $aTesta$b Bernard$0290760 702 $aMayer$b Joachim M 801 0$bPQKB 906 $aBOOK 912 $a9910830842403321 996 $aHydrolysis in drug and prodrug metabolism : chemistry, biochemistry, and enzymology$94085858 997 $aUNINA